| 000 | 01022nam a2200301 i 4500 | ||
|---|---|---|---|
| 999 |
_c2098 _d2098 |
||
| 003 | OSt | ||
| 005 | 20230306143728.0 | ||
| 008 | 140325t20131977oncb j b 000 f eng | ||
| 020 | _a9780143187899 | ||
| 040 |
_aCaOONL _beng _erda _cCaOONL _dCaOL _dKH8 |
||
| 082 | _aFIC SMU | ||
| 100 | 1 |
_aSmucker, Barbara, _d1915-2003, _eauthor. |
|
| 245 | 1 | 0 |
_aUnderground to Canada / _cBarbara Smucker ; introduction by Lawrence Hill. |
| 264 | 1 |
_aToronto : _bPuffin, _c2013. |
|
| 264 | 4 | _c©1977. | |
| 300 |
_axiii, 172 pages : _bmaps |
||
| 336 |
_atext _2rdacontent. |
||
| 337 |
_aunmediated _2rdamedia. |
||
| 338 |
_avolume _2rdacarrier. |
||
| 500 | _aAlso published in paperback in 2008. | ||
| 500 | _aOriginally published: Toronto : Clarke, Irwin, 1977. | ||
| 650 | 0 |
_aUnderground Railroad _zCanada _vJuvenile fiction. |
|
| 650 | 0 |
_aBlack people _zCanada _vJuvenile fiction. |
|
| 650 | 0 |
_aFugitive slaves _zCanada _vJuvenile fiction. |
|
| 655 | 0 | _aBiographical fiction. | |
| 655 | 0 | _aHistorical fiction. | |
| 942 |
_2ddc _cNFIC |
||